New Password B2+/C1 - unit 3 wordlist - Statystyki

Ogólne statystyki
  • Ten quiz został rozwiązany 249 razy
  • Średni wynik to 58 z 186
Statystyki odpowiedzi
Hint Odpowiedź % Poprawnych
długopis 3d 3d pen
93%
pasek belt
86%
roleta blind
75%
kardigan cardigan
75%
mąka flour
64%
kask helmet
64%
ubrania clothing
63%
stek steak
62%
poduszka ozdobna cushion
60%
makaron pasta
59%
odzież apparel
56%
marker marker
56%
deskorolka skateboard
56%
rajstopy tights
55%
dom towarowy department store
53%
sprzęt elektroniczny electronics
51%
segregator file folder
51%
rozglądać się w sklepie browse the shops
49%
szlafrok dressing gown
49%
produkty spożywcze groceries
48%
ochraniacz na kolano knee pad
48%
spinacz do papieru paperclip
48%
niszczarka shredder
48%
porównywać ceny comparison-shop
47%
poszewka na kołdrę duvet cover
47%
pendrive memory stick
47%
szeroka selekcja wide selection
45%
obawa dread
44%
wyposażenie home goods
44%
wiązać koniec z końcem make ends meet
44%
obniżyć mark down
44%
sos do sałatki salad dressing
44%
sklep tradycyjny bricks-and-mortar store
42%
przenośna konsola do gier handheld games console
42%
bezprzewodowe słuchawki douszne wireless earbuds
42%
zaangażowanie engagement
41%
podkładka pod talerz place mat
41%
kupować lokalnie shop local
41%
wypróbowywać try out
41%
reklama advertising
40%
sprzęt sportowy sporting gear
40%
elastyczny flexible
38%
zakupy w sklepie stacjonarnym in-person shopping
38%
przeszkadzać interrupt
38%
sądząc po judging by
38%
obsługiwać, serwisować | usługa service
38%
preferencje zakupowe shopping preferences
38%
artykuły biurowe stationery
38%
kosmetyczka beautician
37%
być śledzonym w internecie be tracked online
37%
dekoracja wnętrz décor
37%
poświęcać swoją prywatność give up your privacy
37%
wyszperać hunt down
37%
zadowalać please
37%
cena | wyceniać price
37%
rozsądny reasonable
37%
sprzedawca detaliczny retailer
37%
napięty harmonogram tight schedule
37%
księgowy bookkeeper
36%
stolarz carpenter
36%
dramatyczny dramatic
36%
gwarantować guarantee
36%
nowinka novelty
36%
kołonotatnik spiral notebook
36%
wspierać drobnych przedsiębiorców support small businesses
36%
drastyczny drastic
34%
ekstrawagancki extravagant
34%
udostępniać informacje osobiste share your personal information
34%
wyjątkowa okazja special find
34%
uzupełniać zapasy czegoś stock up on sth
34%
cenić sobie | wartość value
34%
spadać fall
33%
pełna obsługa full service
33%
domysły guesswork
33%
hydraulik plumber
33%
odzież sportowa sportswear
33%
przechowywać | sklep store
33%
dramatycznie dramatically
32%
drastycznie drastically
32%
pasować (rozmiarem) fit
32%
być bombardowanym reklamami get bombarded with advertisements
32%
trener życiowy life coach
32%
personalizować zakupy do klienta personalise your shopping experience
32%
trafić na kilka okazji score some great deals
32%
ostry sharp
32%
sposoby zakupów types of shopping
32%
interes deal
30%
opiekun domu house sitter
30%
realizować kupony internetowe redeem online coupons
30%
podobać się appeal to
29%
ślusarz mobilny mobile locksmith
29%
kosmetyczka dla zwierząt pet groomer
29%
stricte strictly
29%
krawiec tailor
29%
opiekun care provider
27%
obniżać się decrease
27%
agent nieruchomości estate agent
27%
wymieniać exchange
27%
stopniowy gradual
27%
karta lojalnościowa loyalty card
27%
w promocji (US) | w sprzedaży (UK) on sale
27%
dostawać powiadomienia na komórkę receive mobile alerts
27%
próg doorstep
26%
konieczna obsługa essential service
26%
gwałtowny rapid
26%
ostro sharply
26%
dostarczać deliver
25%
stopniowo gradually
25%
cieszący się wysokim popytem in high demand
25%
tłumacz ustny interpreter
25%
pasować (z czymś) match
25%
składać zamówienie place an order
25%
korepetytor private tutor
25%
gwałtownie rapidly
25%
wycofywać zamówienie withdraw an order
25%
wszechstronna obsługa comprehensive service
23%
usługi customer services
23%
pralnia chemiczna dry-cleaner's
23%
goniec errand runner
23%
otrzymać zamówienie receive an order
23%
zwracać return
23%
szwaczka seamstress
23%
projektant stron internetowych website designer
23%
okazja bargain
22%
przyjąć się catch on
22%
zmniejszać się go down
22%
zwracać pieniądze pay back
22%
rozwiewać obawy klientów reassure the customers
22%
zwrot pieniędzy refund
22%
stały, miarowy steady
22%
żeton token
22%
zwiększać się go up
21%
w sprzedaży in stock
21%
robiony na zamówienie made-to-order
21%
rynek zbytu | wprowadzać na rynek market
21%
oferować dobrą jakość za korzystną cenę offer value for money
21%
korektor tekstów proofreader
21%
nieznaczny slight
21%
stale, miarowo steadily
21%
czyszczenie magazynów clearance
19%
opiekować się kimś look after sb
19%
nieznacznie slightly
19%
menadżer do SM social media manager
19%
prawdziwa okazja steal
19%
różnorodność produktów variety of products
19%
znaczący considerable
18%
pochodzić (z okresu) date back to
18%
na zamówienie on order
18%
świadczyć provide
18%
rosnąć rise
18%
odpowiadać (komuś) suit
18%
odziedziczyć, wejść w posiadanie come into sth
16%
dochód netto disposable income
16%
zapewniać ensure
16%
rozdawać coś give sth away
16%
obciążenie karty charge on a card
15%
natknąć się na coś come across sth
15%
znacząco considerably
15%
zakładać set up
15%
być do kogoś podobnym take after sb
15%
tapicer upholsterer
15%
oferty zniżkowe cut-price deals
14%
czerpać derive
14%
emitować give sth out
14%
niespieszny leisurely
14%
zdzierstwo rip-off
14%
przechadzać się stroll
14%
przemijać wear off
14%
z rabatem at a discount
12%
umożliwiać świadczenie usługi enable a service
12%
przeszukać coś go through sth
12%
wymagać usługi require a service
12%
konkretne obniżki cen substantial discounts
12%
wyrzucać coś throw sth out
12%
zbierać coś pick sth up
11%
odbierać w sklepie pick up in store
11%
nabywać przez internet purchase online
11%
odrzucać coś turn sth down
10%
nadążać za czymś keep track of sth
8%
zająć się czymś look into sth
8%
Nie znaleziono quizów pasujących do podanych kryteriów
Rozkład punktacji
Procent ludzi z każdym wynikiem
Percentyl według liczby udzielonych odpowiedzi
Twoja historia wyników
Nie rozwiązałeś tego quizu